Normal view
MARC view
- Gutiérrez Lombardo, Raúl
Entry Nombre Personal
001 - NUMERO DE CONTROL
- campo de control: 35413
003 - IDENTIFICADOR DE NUMERO DE CONTROL
- campo de control: UPN
005 - FECHA Y HORA DE LA ÜLTIMA TRANSACCIÓN
- campo de control: 20210219194503.0
008 - DATOS DE LONGITUD FIJA
- campo de control de longitud fija: nabaccnnaabn|||||||||| b |nc|||||d
035 ## - NUMERO DE CONTROL
- Número de control: UPN11000007520
040 ## - FUENTE DE CATALOGACIÓN
- Lenguaje de catalogación: SPA
- Agencia de transcripción: UPN
100 1# - ENCABEZAMIENTO - NOMBRE PERSONAL
- Nombre personal: Gutiérrez Lombardo, Raúl
670 ## - FUENTE EN LA QUE SE LOCALIZARON DATOS
- Cita de la fuente: T
- Uniform Resource Identifier: http://logicae.usal.es/drupal/alumnos/?q=noticia/entrevista-raul-gutierrez-lombardo
680 ## - NOTA PUBLICA DE ACCESO PÚBLICO
- Frase explicativa de la referencia: Raúl Gutiérrez Lombardo es filósofo de la biología y reputado experto en la historia del pensamiento darwinista. Es secretario académico del Centro de Estudios Filosóficos, Políticos y Sociales de México y miembro del consejo directivo de la revista 'Ludus Vitalis
902 ## - CATALOGADOR
- Catalogador: MCM/180614
